[Event "Stay Safe Play From Home 219"]
[Site "T#646719Emanuel Laske"]
[Date "2020.06.11"]
[Round "2"]
[White "Greblah"]
[Black "Weltszmerc"]
[Result "0-1"]
[WhiteElo "1920"]
[BlackElo "2191"]
[Annotator "RC"]
[PlyCount "96"]
[EventDate "2020.06.11"]
[EventType "swiss (blitz)"]

1. e4 {[%emt 0:00:01]} Nf6 {[%emt 0:00:01]} 2. d3 {[%emt 0:00:02]} d5 {[%emt 0:00:01]} 3. exd5 {[%emt 0:00:01]} Nxd5 {[%emt 0:00:01]} 4. Ne2 {[%emt 0:00:01]} c5 {[%emt 0:00:01]} 5. Nec3 {[%emt 0:00:01]} Nc6 {[%emt 0:00:02]} 6. Be2 {[%emt 0:00:01]} Bf5 {[%emt 0:00:02]} 7. Bf3 {[%emt 0:00:01]} e6 {[%emt 0:00:01]} 8. O-O {[%emt 0:00:02]} Be7 {[%emt 0:00:01]} 9. Re1 {[%emt 0:00:01]} O-O {[%emt 0:00:10]} 10. Nd2 {[%emt 0:00:01]} Nxc3 {[%emt 0:00:11]} 11. bxc3 {[%emt 0:00:01]} Bf6 {[%emt 0:00:01]} 12. Bb2 {[%emt 0:00:13]} Qc7 {[%emt 0:00:10]} 13. Ne4 {[%emt 0:00:02]} Bxe4 {[%emt 0:00:01]} 14. Bxe4 {[%emt 0:00:03]} g6 {[%emt 0:00:10]} 15. Rb1 {[%emt 0:00:04]} Rad8 {[%emt 0:00:05]} 16. Qf3 {[%emt 0:00:02]} Bg7 {[%emt 0:00:01]} 17. Bxc6 {[%emt 0:00:01]} Qxc6 {[%emt 0:00:03]} 18. Qxc6 {[%emt 0:00:02]} bxc6 {[%emt 0:00:00]} 19. c4 {[%emt 0:00:01]} Rb8 {[%emt 0:00:06]} 20. Bxg7 {[%emt 0:00:02]} Kxg7 {[%emt 0:00:01]} 21. Rb3 {[%emt 0:00:01]} Rb6 {[%emt 0:00:03]} 22. Reb1 {[%emt 0:00:01]} Rfb8 {[%emt 0:00:02]} 23. f4 {[%emt 0:00:03]} Kf6 {[%emt 0:00:02]} 24. Kf2 {[%emt 0:00:01]} e5 {[%emt 0:00:05]} 25. Kf3 {[%emt 0:00:04]} Rb4 {[%emt 0:00:08]} 26. fxe5+ {[%emt 0:00:09]} Kxe5 {[%emt 0:00:03]} 27. Re1+ {[%emt 0:00:01]} Kd6 {[%emt 0:00:05]} 28. g4 {[%emt 0:00:07]} a5 {[%emt 0:00:04]} 29. Reb1 {[%emt 0:00:17]} a4 {[%emt 0:00:01]} 30. Rxb4 {[%emt 0:00:01]} cxb4 {[%emt 0:00:00]} 31. d4 {[%emt 0:00:05]} c5 {[%emt 0:00:05]} 32. d5 {[%emt 0:00:02]} Re8 {[%emt 0:00:03]} 33. h4 {[%emt 0:00:09]} f5 {[%emt 0:00:02]} 34. gxf5 {[%emt 0:00:02]} gxf5 {[%emt 0:00:00]} 35. Rg1 {[%emt 0:00:08]} Re4 {[%emt 0:00:03]} 36. h5 {[%emt 0:00:13]} Rxc4 {[%emt 0:00:06]} 37. Rg7 {[%emt 0:00:01]} Rxc2 {[%emt 0:00:01]} 38. Rxh7 {[%emt 0:00:01]} Rxa2 {[%emt 0:00:03]} 39. h6 {[%emt 0:00:03]} a3 {[%emt 0:00:04]} 40. Rb7 {[%emt 0:00:04]} Rh2 {[%emt 0:00:02]} 41. Kf4 {[%emt 0:00:01]} Kxd5 {[%emt 0:00:01]} 42. Kxf5 {[%emt 0:00:03]} Kc4 {[%emt 0:00:01]} 43. h7 {[%emt 0:00:04]} b3 {[%emt 0:00:00]} 44. Kg6 {[%emt 0:00:06]} a2 {[%emt 0:00:02]} 45. Rf7 {[%emt 0:00:04]} a1=Q {[%emt 0:00:04]} 46. Rf5 {[%emt 0:00:01]} Qg1+ {[%emt 0:00:04]} 47. Kf6 {[%emt 0:00:03]} Rxh7 {[%emt 0:00:03]} 48. Rf4+ {[%emt 0:00:01]} Kb5 {[%emt 0:00:02] Greblah gibt auf (Lag: Av=0.61s, max=3.2s)} 0-1

[Event "Stay Safe Play From Home 219"]
[Site "T#646719Emanuel Laske"]
[Date "2020.06.11"]
[Round "2"]
[White "Haris kollari 13"]
[Black "Indianquant"]
[Result "0-1"]
[WhiteElo "1910"]
[BlackElo "2328"]
[Annotator "NA RC"]
[PlyCount "108"]
[EventDate "2020.06.11"]
[EventType "swiss (blitz)"]

1. e4 {[%emt 0:00:01]} c5 {[%emt 0:00:02]} 2. Nf3 {[%emt 0:00:01]} d6 {[%emt 0:00:01]} 3. d4 {[%emt 0:00:01]} cxd4 {[%emt 0:00:00]} 4. Nxd4 {[%emt 0:00:01]} Nf6 {[%emt 0:00:02]} 5. Nc3 {[%emt 0:00:01]} a6 {[%emt 0:00:01]} 6. f4 {[%emt 0:00:01]} e5 {[%emt 0:00:01]} 7. Nf3 {[%emt 0:00:02]} Nbd7 {[%emt 0:00:01]} 8. Be3 {[%emt 0:00:03]} Be7 {[%emt 0:00:02]} 9. f5 {[%emt 0:00:02]} b5 {[%emt 0:00:03]} 10. Bd3 {[%emt 0:00:04]} Bb7 {[%emt 0:00:01]} 11. a3 {[%emt 0:00:01]} Nc5 {[%emt 0:00:18]} 12. Bxc5 {[%emt 0:00:06]} dxc5 {[%emt 0:00:00]} 13. Nd2 {[%emt 0:00:07]} c4 {[%emt 0:00:05]} 14. Be2 {[%emt 0:00:01]} Bc5 {[%emt 0:00:01]} 15. Bf3 {[%emt 0:00:01]} O-O {[%emt 0:00:04]} 16. Qe2 {[%emt 0:00:01]} Qe7 {[%emt 0:00:07]} 17. g4 {[%emt 0:00:04]} Rfd8 {[%emt 0:00:10]} 18. g5 {[%emt 0:00:01]} Nd7 {[%emt 0:00:04]} 19. Na2 {[%emt 0:00:04]} Qxg5 {[%emt 0:00:05]} 20. O-O-O {[%emt 0:00:09]} Nb6 {[%emt 0:00:02]} 21. h4 {[%emt 0:00:06]} Qe3 {[%emt 0:00:03]} 22. Nc3 {[%emt 0:00:06]} Qxe2 {[%emt 0:00:03]} 23. Nxe2 {[%emt 0:00:06]} Be3 {[%emt 0:00:01]} 24. c3 {[%emt 0:00:01]} Na4 {[%emt 0:00:03]} 25. Kc2 {[%emt 0:00:09]} Bxd2 {[%emt 0:00:11]} 26. Rxd2 {[%emt 0:00:02]} Rxd2+ {[%emt 0:00:00]} 27. Kxd2 {[%emt 0:00:01]} Nxb2 {[%emt 0:00:01]} 28. Nc1 {[%emt 0:00:08]} Rd8+ {[%emt 0:00:02]} 29. Kc2 {[%emt 0:00:01]} Na4 {[%emt 0:00:02]} 30. h5 {[%emt 0:00:07]} h6 {[%emt 0:00:03]} 31. Rg1 {[%emt 0:00:02]} Kf8 {[%emt 0:00:01]} 32. Na2 {[%emt 0:00:09]} Nc5 {[%emt 0:00:02]} 33. Re1 {[%emt 0:00:06]} a5 {[%emt 0:00:01]} 34. Nc1 {[%emt 0:00:07]} Ke7 {[%emt 0:00:03]} 35. Re3 {[%emt 0:00:07]} Kf6 {[%emt 0:00:01]} 36. Re1 {[%emt 0:00:07]} Nd3 {[%emt 0:00:03]} 37. Rd1 {[%emt 0:00:08]} Kg5 {[%emt 0:00:11]} 38. Nxd3 {[%emt 0:00:01]} cxd3+ {[%emt 0:00:00]} 39. Rxd3 {[%emt 0:00:01]} Rxd3 {[%emt 0:00:01]} 40. Kxd3 {[%emt 0:00:00]} Kf4 {[%emt 0:00:01]} 41. Bh1 {[%emt 0:00:06]} Ba6 {[%emt 0:00:02]} 42. Bg2 {[%emt 0:00:07]} b4+ {[%emt 0:00:02]} 43. c4 {[%emt 0:00:01]} bxa3 {[%emt 0:00:02]} 44. Kc3 {[%emt 0:00:01]} a2 {[%emt 0:00:01]} 45. Kb2 {[%emt 0:00:02]} Bxc4 {[%emt 0:00:00]} 46. Bf1 {[%emt 0:00:01]} Bxf1 {[%emt 0:00:01]} 47. Kxa2 {[%emt 0:00:01]} f6 {[%emt 0:00:02]} 48. Ka3 {[%emt 0:00:01]} Kxe4 {[%emt 0:00:00]} 49. Ka4 {[%emt 0:00:01]} Kxf5 {[%emt 0:00:00]} 50. Kxa5 {[%emt 0:00:00]} e4 {[%emt 0:00:00]} 51. Kb6 {[%emt 0:00:00]} e3 {[%emt 0:00:00]} 52. Kc5 {[%emt 0:00:00]} e2 {[%emt 0:00:00]} 53. Kd4 {[%emt 0:00:00]} e1=Q {[%emt 0:00:00]} 54. Kc5 {[%emt 0:00:01]} Qe5+ {[%emt 0:00:00] Haris kollari 13 resigns (Lag: Av=0.57s, max=1.8s)} 0-1

[Event "Stay Safe Play From Home 219"]
[Site "T#646719Emanuel Laske"]
[Date "2020.06.11"]
[Round "2"]
[White "Fingerfehler1"]
[Black "EnigmaG"]
[Result "1-0"]
[WhiteElo "1611"]
[BlackElo "1708"]
[Annotator "NA RC"]
[PlyCount "107"]
[EventDate "2020.06.11"]
[EventType "swiss (blitz)"]

1. e4 {[%emt 0:00:03]} e6 {[%emt 0:00:00]} 2. d4 {[%emt 0:00:01]} d5 {[%emt 0:00:00]} 3. exd5 {[%emt 0:00:01]} exd5 {[%emt 0:00:00]} 4. Bd3 {[%emt 0:00:01]} Nf6 {[%emt 0:00:00]} 5. Ne2 {[%emt 0:00:01]} Bd6 {[%emt 0:00:01]} 6. Nbc3 {[%emt 0:00:04]} O-O {[%emt 0:00:01]} 7. Bf4 {[%emt 0:00:03]} Bg4 {[%emt 0:00:02]} 8. f3 {[%emt 0:00:02]} Be6 {[%emt 0:00:02]} 9. O-O {[%emt 0:00:06]} c5 {[%emt 0:00:02]} 10. Bxd6 {[%emt 0:00:03]} Qxd6 {[%emt 0:00:01]} 11. dxc5 {[%emt 0:00:01]} Qxc5+ {[%emt 0:00:00]} 12. Kh1 {[%emt 0:00:02]} d4 {[%emt 0:00:02]} 13. Ne4 {[%emt 0:00:02]} Nxe4 {[%emt 0:00:02]} 14. Bxe4 {[%emt 0:00:01]} Nc6 {[%emt 0:00:02]} 15. Bxc6 {[%emt 0:00:10]} d3 {[%emt 0:00:16]} 16. Qxd3 {[%emt 0:00:14]} Rad8 {[%emt 0:00:06]} 17. Qb5 {[%emt 0:00:15]} Qxc6 {[%emt 0:00:04]} 18. Qxc6 {[%emt 0:00:01]} bxc6 {[%emt 0:00:00]} 19. Rfd1 {[%emt 0:00:02]} Rb8 {[%emt 0:00:02]} 20. b3 {[%emt 0:00:02]} Rbd8 {[%emt 0:00:03]} 21. Nd4 {[%emt 0:00:07]} Bd5 {[%emt 0:00:04]} 22. c4 {[%emt 0:00:02]} Be6 {[%emt 0:00:03]} 23. Nxc6 {[%emt 0:00:03]} Rd7 {[%emt 0:00:11]} 24. Rxd7 {[%emt 0:00:04]} Bxd7 {[%emt 0:00:00]} 25. Nxa7 {[%emt 0:00:01]} Re8 {[%emt 0:00:02]} 26. Nb5 {[%emt 0:00:06]} Re2 {[%emt 0:00:13]} 27. h3 {[%emt 0:00:07]} Kf8 {[%emt 0:00:02]} 28. a4 {[%emt 0:00:11]} Ke7 {[%emt 0:00:02]} 29. a5 {[%emt 0:00:08]} Kd8 {[%emt 0:00:13]} 30. a6 {[%emt 0:00:02]} Kc8 {[%emt 0:00:06]} 31. a7 {[%emt 0:00:04]} Bc6 {[%emt 0:00:02]} 32. a8=Q+ {[%emt 0:00:02]} Bxa8 {[%emt 0:00:01]} 33. Rxa8+ {[%emt 0:00:01]} Kb7 {[%emt 0:00:00]} 34. Ra7+ {[%emt 0:00:01]} Kb6 {[%emt 0:00:02]} 35. Rxf7 {[%emt 0:00:02]} Kc5 {[%emt 0:00:03]} 36. Rxg7 {[%emt 0:00:04]} Kb4 {[%emt 0:00:00]} 37. Rxh7 {[%emt 0:00:02]} Kxb3 {[%emt 0:00:01]} 38. Nd6 {[%emt 0:00:02]} Rd2 {[%emt 0:00:02]} 39. c5 {[%emt 0:00:01]} Kb4 {[%emt 0:00:03]} 40. Rh5 {[%emt 0:00:02]} Ka5 {[%emt 0:00:03]} 41. c6+ {[%emt 0:00:04]} Ka6 {[%emt 0:00:03]} 42. c7 {[%emt 0:00:02]} Rc2 {[%emt 0:00:03]} 43. c8=Q+ {[%emt 0:00:02]} Rxc8 {[%emt 0:00:01]} 44. Nxc8 {[%emt 0:00:00]} Kb7 {[%emt 0:00:00]} 45. Rh6 {[%emt 0:00:03]} Kc7 {[%emt 0:00:00]} 46. f4 {[%emt 0:00:01]} Kxc8 {[%emt 0:00:01]} 47. f5 {[%emt 0:00:01]} Kd8 {[%emt 0:00:00]} 48. f6 {[%emt 0:00:01]} Ke8 {[%emt 0:00:00]} 49. Rh7 {[%emt 0:00:02]} Kf8 {[%emt 0:00:01]} 50. g4 {[%emt 0:00:01]} Kg8 {[%emt 0:00:01]} 51. Rb7 {[%emt 0:00:01]} Kf8 {[%emt 0:00:01]} 52. g5 {[%emt 0:00:00]} Kg8 {[%emt 0:00:01]} 53. g6 {[%emt 0:00:00]} Kf8 {[%emt 0:00:03]} 54. Rb8# {[%emt 0:00:01] (Lag: Av=0.81s, max=3.3s)} 1-0

[Event "Stay Safe Play From Home 219"]
[Site "T#646719Emanuel Laske"]
[Date "2020.06.11"]
[Round "2"]
[White "Timbre"]
[Black "Don59as"]
[Result "0-1"]
[WhiteElo "1587"]
[BlackElo "2005"]
[Annotator "NA RC"]
[PlyCount "44"]
[EventDate "2020.06.11"]
[EventType "swiss (blitz)"]

1. d4 {[%emt 0:00:02]} d5 {[%emt 0:00:01]} 2. Nf3 {[%emt 0:00:01]} e6 {[%emt 0:00:01]} 3. c3 {[%emt 0:00:01]} Nf6 {[%emt 0:00:01]} 4. Bf4 {[%emt 0:00:01]} Nbd7 {[%emt 0:00:01]} 5. e3 {[%emt 0:00:01]} Be7 {[%emt 0:00:01]} 6. Bd3 {[%emt 0:00:01]} O-O {[%emt 0:00:01]} 7. Nbd2 {[%emt 0:00:01]} c5 {[%emt 0:00:01]} 8. Qe2 {[%emt 0:00:01]} b6 {[%emt 0:00:01]} 9. e4 {[%emt 0:00:02]} cxd4 {[%emt 0:00:05]} 10. cxd4 {[%emt 0:00:02]} dxe4 {[%emt 0:00:05]} 11. Nxe4 {[%emt 0:00:02]} Bb7 {[%emt 0:00:01]} 12. Nxf6+ {[%emt 0:00:02]} Nxf6 {[%emt 0:00:04]} 13. O-O {[%emt 0:00:01]} Bd6 {[%emt 0:00:03]} 14. Bxd6 {[%emt 0:00:02]} Qxd6 {[%emt 0:00:02]} 15. Rad1 {[%emt 0:00:02]} Rad8 {[%emt 0:00:05]} 16. Bb1 {[%emt 0:00:03]} Qf4 {[%emt 0:00:05]} 17. Ne5 {[%emt 0:00:06]} g6 {[%emt 0:00:31]} 18. g3 {[%emt 0:00:05]} Qh6 {[%emt 0:00:05]} 19. Nf3 {[%emt 0:00:04]} Qh3 {[%emt 0:00:05]} 20. Qe3 {[%emt 0:00:10]} Ng4 {[%emt 0:00:04]} 21. Qf4 {[%emt 0:00:03]} Bxf3 {[%emt 0:00:05]} 22. Qxf3 {[%emt 0:00:03]} Qxh2# {[%emt 0:00:02] (Lag: Av=0.40s, max=0.9s)} 0-1

[Event "Stay Safe Play From Home 219"]
[Site "T#646719Emanuel Laske"]
[Date "2020.06.11"]
[Round "2"]
[White "Trotsky"]
[Black "Tobo Rubirosa"]
[Result "0-1"]
[WhiteElo "1576"]
[BlackElo "1643"]
[Annotator "NA RC"]
[PlyCount "102"]
[EventDate "2020.06.11"]
[EventType "swiss (blitz)"]

1. d4 {[%emt 0:00:01]} Nf6 {[%emt 0:00:02]} 2. c4 {[%emt 0:00:01]} g6 {[%emt 0:00:01]} 3. Nc3 {[%emt 0:00:01]} Bg7 {[%emt 0:00:01]} 4. e3 {[%emt 0:00:01]} O-O {[%emt 0:00:02]} 5. Bd3 {[%emt 0:00:01]} d5 {[%emt 0:00:01]} 6. Qc2 {[%emt 0:00:01]} c5 {[%emt 0:00:01]} 7. Nf3 {[%emt 0:00:02]} Nc6 {[%emt 0:00:03]} 8. a3 {[%emt 0:00:01]} dxc4 {[%emt 0:00:05]} 9. Bxc4 {[%emt 0:00:01]} cxd4 {[%emt 0:00:02]} 10. exd4 {[%emt 0:00:01]} Nxd4 {[%emt 0:00:03]} 11. Nxd4 {[%emt 0:00:02]} Qxd4 {[%emt 0:00:01]} 12. Bd3 {[%emt 0:00:01]} Rd8 {[%emt 0:00:12]} 13. Be2 {[%emt 0:00:21]} Bf5 {[%emt 0:00:03]} 14. Qb3 {[%emt 0:00:03]} Ne4 {[%emt 0:00:11]} 15. Be3 {[%emt 0:00:02]} Qd7 {[%emt 0:00:09]} 16. Rd1 {[%emt 0:00:01]} Qc8 {[%emt 0:00:10]} 17. Bc4 {[%emt 0:00:09]} Rxd1+ {[%emt 0:00:11]} 18. Nxd1 {[%emt 0:00:03]} Nd6 {[%emt 0:00:03]} 19. Be2 {[%emt 0:00:18]} Bc2 {[%emt 0:00:04]} 20. Qa2 {[%emt 0:00:05]} Nf5 {[%emt 0:00:14]} 21. O-O {[%emt 0:00:02]} Bxd1 {[%emt 0:00:05]} 22. Bxd1 {[%emt 0:00:04]} Nxe3 {[%emt 0:00:01]} 23. fxe3 {[%emt 0:00:01]} e6 {[%emt 0:00:01]} 24. b3 {[%emt 0:00:11]} Qc5 {[%emt 0:00:01]} 25. Qf2 {[%emt 0:00:02]} Rd8 {[%emt 0:00:08]} 26. Qxf7+ {[%emt 0:00:06]} Kh8 {[%emt 0:00:04]} 27. h4 {[%emt 0:00:04]} Qxe3+ {[%emt 0:00:05]} 28. Kh1 {[%emt 0:00:03]} Qg3 {[%emt 0:00:06]} 29. Qxe6 {[%emt 0:00:11]} Qxh4+ {[%emt 0:00:04]} 30. Qh3 {[%emt 0:00:03]} Qxh3+ {[%emt 0:00:06]} 31. gxh3 {[%emt 0:00:14]} Rd3 {[%emt 0:00:02]} 32. Kg2 {[%emt 0:00:03]} Be5 {[%emt 0:00:05]} 33. Rf7 {[%emt 0:00:04]} Rg3+ {[%emt 0:00:06]} 34. Kf2 {[%emt 0:00:02]} Rxh3 {[%emt 0:00:02]} 35. Rxb7 {[%emt 0:00:02]} h5 {[%emt 0:00:05]} 36. Re7 {[%emt 0:00:05]} Bf4 {[%emt 0:00:02]} 37. Kg2 {[%emt 0:00:05]} Rg3+ {[%emt 0:00:02]} 38. Kf2 {[%emt 0:00:02]} g5 {[%emt 0:00:02]} 39. b4 {[%emt 0:00:03]} h4 {[%emt 0:00:01]} 40. a4 {[%emt 0:00:01]} h3 {[%emt 0:00:01]} 41. Bf3 {[%emt 0:00:01]} h2 {[%emt 0:00:04]} 42. Bh1 {[%emt 0:00:03]} Rg1 {[%emt 0:00:01]} 43. Re8+ {[%emt 0:00:03]} Kg7 {[%emt 0:00:04]} 44. Re1 {[%emt 0:00:01]} Rxe1 {[%emt 0:00:02]} 45. Kxe1 {[%emt 0:00:01]} g4 {[%emt 0:00:01]} 46. Kf1 {[%emt 0:00:01]} g3 {[%emt 0:00:01]} 47. Kg2 {[%emt 0:00:01]} Bd2 {[%emt 0:00:00]} 48. b5 {[%emt 0:00:01]} Bb4 {[%emt 0:00:00]} 49. Kh3 {[%emt 0:00:01]} Ba5 {[%emt 0:00:00]} 50. Kxg3 {[%emt 0:00:01]} Bb6 {[%emt 0:00:00]} 51. Kxh2 {[%emt 0:00:01]} Bc7+ {[%emt 0:00:00] Âðåìÿ (Lag: Av=0.79s, max=3.3s)} 0-1

[Event "Stay Safe Play From Home 219"]
[Site "T#646719Emanuel Laske"]
[Date "2020.06.11"]
[Round "2"]
[White "Justwatch"]
[Black "Haxhi Baha"]
[Result "0-1"]
[WhiteElo "1569"]
[BlackElo "1918"]
[Annotator "TA"]
[PlyCount "32"]
[EventDate "2020.06.11"]
[EventType "swiss (blitz)"]

{[%evp 9,32,20,20,0,22,22,14,13,13,-19,8,-33,-31,-31,-33,-48,-21,-125,-132,-291,-238,-326,-329,-783,-777]} 1. e4 c5 2. f3 Nc6 3. Nc3 e6 4. Bb5 a6 {[#]} 5. Bxc6 $146 ({Predecessor:} 5. Ba4 b5 6. Bb3 c4 7. Bxc4 bxc4 8. d3 cxd3 9. cxd3 Bc5 10. Nge2 Nge7 11. d4 {½-½ (22) Holubova,L-Venditti,R (1690) Pardubice 2010}) 5... dxc6 6. Nge2 {B31: Sicilian: 2...Nc6 3 Bb5 g6.} Nf6 7. O-O b5 8. Kh1 {The position is equal.} c4 9. Ng3 Bb7 10. d3 cxd3 11. cxd3 c5 12. e5 Nd7 13. Nce4 (13. f4 $11 {keeps the balance.}) 13... Nxe5 $17 14. Ng5 $2 {[#]} (14. Nh5 $17) 14... Qxd3 15. Qxd3 Nxd3 16. Bf4 $2 (16. b3) 16... Nxf4 {White did not feel at home in the position after the opening. Accuracy: White = 27%, Black = 64%.} 0-1

[Event "Stay Safe Play From Home 219"]
[Site "T#646719Emanuel Laske"]
[Date "2020.06.11"]
[Round "2"]
[White "Matze69"]
[Black "Matanant"]
[Result "0-1"]
[WhiteElo "1267"]
[BlackElo "1799"]
[Annotator "NA RC"]
[PlyCount "82"]
[EventDate "2020.06.11"]
[EventType "swiss (blitz)"]

1. e4 {[%emt 0:00:02]} e5 {[%emt 0:00:02]} 2. Nf3 {[%emt 0:00:02]} d5 {[%emt 0:00:02]} 3. exd5 {[%emt 0:00:05]} e4 {[%emt 0:00:01]} 4. Ng1 {[%emt 0:00:04]} Nf6 {[%emt 0:00:02]} 5. Bc4 {[%emt 0:00:04]} Bc5 {[%emt 0:00:04]} 6. d4 {[%emt 0:00:06]} exd3 {[%emt 0:00:02]} 7. cxd3 {[%emt 0:00:08]} O-O {[%emt 0:00:01]} 8. d4 {[%emt 0:00:02]} Re8+ {[%emt 0:00:04]} 9. Ne2 {[%emt 0:00:06]} Bd6 {[%emt 0:00:06]} 10. O-O {[%emt 0:00:03]} Bg4 {[%emt 0:00:08]} 11. Qd3 {[%emt 0:00:10]} Qc8 {[%emt 0:00:05]} 12. Re1 {[%emt 0:00:06]} Bf5 {[%emt 0:00:02]} 13. Qf3 {[%emt 0:00:05]} Bg4 {[%emt 0:00:15]} 14. Qd3 {[%emt 0:00:14]} Nbd7 {[%emt 0:00:02]} 15. Be3 {[%emt 0:00:03]} Nb6 {[%emt 0:00:03]} 16. Bb5 {[%emt 0:00:06]} Bf5 {[%emt 0:00:18]} 17. Qc3 {[%emt 0:00:06]} Rd8 {[%emt 0:00:11]} 18. Bf4 {[%emt 0:00:09]} Nfxd5 {[%emt 0:00:06]} 19. Qf3 {[%emt 0:00:10]} Nxf4 {[%emt 0:00:02]} 20. Nxf4 {[%emt 0:00:03]} c6 {[%emt 0:00:02]} 21. Bd3 {[%emt 0:00:07]} Bxd3 {[%emt 0:00:02]} 22. Nxd3 {[%emt 0:00:02]} Qc7 {[%emt 0:00:09]} 23. Nc3 {[%emt 0:00:01]} Bxh2+ {[%emt 0:00:02]} 24. Kh1 {[%emt 0:00:03]} Bd6 {[%emt 0:00:02]} 25. Re2 {[%emt 0:00:02]} Re8 {[%emt 0:00:02]} 26. Rae1 {[%emt 0:00:02]} Rxe2 {[%emt 0:00:02]} 27. Rxe2 {[%emt 0:00:01]} Qd7 {[%emt 0:00:13]} 28. Ne5 {[%emt 0:00:02]} Bxe5 {[%emt 0:00:02]} 29. dxe5 {[%emt 0:00:01]} Re8 {[%emt 0:00:03]} 30. Re1 {[%emt 0:00:03]} Nc4 {[%emt 0:00:04]} 31. Qf4 {[%emt 0:00:03]} b5 {[%emt 0:00:02]} 32. a3 {[%emt 0:00:02]} Nxb2 {[%emt 0:00:02]} 33. Re2 {[%emt 0:00:04]} Nc4 {[%emt 0:00:04]} 34. Re1 {[%emt 0:00:02]} Nxa3 {[%emt 0:00:06]} 35. Qb4 {[%emt 0:00:01]} Nc4 {[%emt 0:00:02]} 36. Qc5 {[%emt 0:00:03]} a5 {[%emt 0:00:02]} 37. Rd1 {[%emt 0:00:02]} Qe6 {[%emt 0:00:04]} 38. Rd6 {[%emt 0:00:04]} Qxe5 {[%emt 0:00:05]} 39. Qxe5 {[%emt 0:00:10]} Nxe5 {[%emt 0:00:01]} 40. Rd1 {[%emt 0:00:03]} b4 {[%emt 0:00:01]} 41. Ne4 {[%emt 0:00:03]} f5 {[%emt 0:00:03] Zeit (Lag: Av=1.23s, max=3.4s)} 0-1

[Event "Stay Safe Play From Home 219"]
[Site "T#646719Emanuel Laske"]
[Date "2020.06.11"]
[Round "3"]
[White "Indianquant"]
[Black "Little champs"]
[Result "1-0"]
[WhiteElo "2331"]
[BlackElo "2120"]
[Annotator "TA"]
[PlyCount "103"]
[EventDate "2020.06.11"]
[EventType "swiss (blitz)"]

{[%evp 9,103,12,18,25,21,5,42,0,1,-8,11,11,17,0,0,0,32,-77,84,97,93,94,85,86,118,120,127,135,160,123,111,94,157,164,189,142,143,148,178,110,173,181,162,140,139,147,131,138,126,100,150,140,160,152,256,282,392,253,354,204,343,311,387,354,378,204,352,348,463,460,434,419,1881,1216,29968,29969,29966,29966,29974,29948,29980,29982,29982,29983,29980,29979,29983,29984,29984,29985,29985,29986,29985,29986,29986,29985]} 1. Nf3 e6 2. c4 d5 3. d4 c6 4. Qc2 Nf6 5. Bg5 Be7 6. e3 {D30: Queen's Gambit Declined: Systems without Nc3.} Nbd7 7. Nbd2 b6 8. Bd3 {White is slightly better.} Bb7 9. O-O Rc8 10. cxd5 cxd5 {[#]} 11. Qb3 $146 ({Predecessor:} 11. Qa4 a6 12. Rfc1 O-O 13. Ne5 b5 14. Rxc8 Qxc8 15. Qd1 Qd8 16. Nxd7 Qxd7 17. Nf3 {1-0 (23) Piankov,E (2341)-Oliveira,L (2136) Padron 2002}) 11... O-O 12. a4 Ne4 13. Bf4 (13. Bxe7 $14 Qxe7 14. a5) 13... Bd6 $2 (13... g5 $17 {and life is bright.} 14. Bg3 h5) 14. Bxe4 $1 $16 Bxf4 {[#]} 15. Bxh7+ $1 {[%mdl 512]} Kxh7 16. exf4 {And now Ng5+ would win.} Qf6 17. g3 Ba6 18. Rfc1 Qe7 19. Kg2 Kg8 20. h4 Rfd8 (20... Nf6 $142) 21. a5 Qd6 22. axb6 Rxc1 23. Rxc1 Nxb6 24. Ne5 ({White should play} 24. Ra1 $18 Nd7 25. Ra5) 24... f6 (24... Nc4 $16) 25. Rc6 $18 Qe7 26. Rxb6 axb6 27. Nc6 $36 {[%mdl 2112] [#] Double Attack. White is on the roll.} Qc7 28. Nxd8 Qxd8 29. Qc3 Bb7 30. Nf3 Qd6 31. h5 b5 (31... Ba6 $16 32. Qc2 Bb7) 32. b4 Kf7 33. Kf1 Ke7 34. Ke2 (34. Qc2 $142 {Black must now prevent Qg6.} Kd7 35. Qh7) 34... Kd8 (34... Bc6 $142 35. Qc5 Be8) 35. Ne1 Qa6 36. Nd3 Qa2+ 37. Qb2 (37. Ke3 $142 {aiming for Qc5.} Qc4 38. Qa3) 37... Qc4 (37... Qxb2+ {keeps fighting.} 38. Nxb2 Ke7) 38. Ke3 Qc8 39. Nc5 Ke7 40. Qb1 Kf8 (40... f5 $142 41. h6 gxh6) 41. Qh7 Qc6 42. h6 {White mates.} gxh6 43. Qxb7 Qd6 44. Qd7 Qe7 45. Nxe6+ Kf7 46. Qxe7+ Kxe7 {[%mdl 4096] Endgame KN-KP} 47. Nc7 {[%mdl 64] Double Attack} Kd6 48. Nxb5+ Kc6 49. Nc3 Kd6 50. f5 Kc6 51. Kf4 Kd6 52. Kg4 {Accuracy: White = 64%, Black = 29%.} 1-0